<?xml version="1.0" encoding="UTF-8"?><?xml-stylesheet type="text/xsl" href="static/style.xsl"?><OAI-PMH xmlns="http://www.openarchives.org/OAI/2.0/" xmlns:xsi="http://www.w3.org/2001/XMLSchema-instance" xsi:schemaLocation="http://www.openarchives.org/OAI/2.0/ http://www.openarchives.org/OAI/2.0/OAI-PMH.xsd"><responseDate>2026-06-01T13:43:21Z</responseDate><request verb="GetRecord" identifier="oai:riuma.uma.es:10630/13136" metadataPrefix="marc">https://riuma.uma.es/rest/oai/request</request><GetRecord><record><header><identifier>oai:riuma.uma.es:10630/13136</identifier><datestamp>2026-02-03T11:52:29Z</datestamp><setSpec>com_10630_2254</setSpec><setSpec>col_10630_37959</setSpec></header><metadata><record xmlns="http://www.loc.gov/MARC21/slim" xmlns:dcterms="http://purl.org/dc/terms/" xmlns:doc="http://www.lyncode.com/xoai" xmlns:xsi="http://www.w3.org/2001/XMLSchema-instance" xsi:schemaLocation="http://www.loc.gov/MARC21/slim http://www.loc.gov/standards/marcxml/schema/MARC21slim.xsd">
   <leader>00925njm 22002777a 4500</leader>
   <datafield ind2=" " ind1=" " tag="042">
      <subfield code="a">dc</subfield>
   </datafield>
   <datafield ind2=" " ind1=" " tag="720">
      <subfield code="a">Palmquist-Gomes, Paul</subfield>
      <subfield code="e">author</subfield>
   </datafield>
   <datafield ind2=" " ind1=" " tag="720">
      <subfield code="a">Martín-Robles, José Carlos</subfield>
      <subfield code="e">author</subfield>
   </datafield>
   <datafield ind2=" " ind1=" " tag="720">
      <subfield code="a">Cano-Ballesteros, Sara</subfield>
      <subfield code="e">author</subfield>
   </datafield>
   <datafield ind2=" " ind1=" " tag="720">
      <subfield code="a">Guadix-Domínguez, Juan Antonio</subfield>
      <subfield code="e">author</subfield>
   </datafield>
   <datafield ind2=" " ind1=" " tag="720">
      <subfield code="a">Pérez-Pomares, José María</subfield>
      <subfield code="e">author</subfield>
   </datafield>
   <datafield ind2=" " ind1=" " tag="260">
      <subfield code="c">2017-03-06</subfield>
   </datafield>
   <datafield ind2=" " ind1=" " tag="520">
      <subfield code="a">Coronary Artery Fistulae (CAF) are congenital coronary artery (CA) anomalies consisting of an abnormal communication of a coronary artery with either a cardiac chamber or a large cardiac vessel. Although their incidence in the Western population is low, CAF can lead to complications such as myocardial hypertrophy, endocarditis, heart dilatation and cardiac failure. CAFs can appear as an isolated anomaly or linked to some other forms of congenital heart disease like Left Ventricular Non-Compaction (LVNC) and intrinsic CA anatomy anomalies, but their etiology remains unknown. In this work we have used two different experimental models (transgenic mice and avian embryos) to investigate on the developmental mechanics of CAF formation. In order to tackle this goal, we have manipulated epicardial development and ventricular wall compaction, two inextricably related developmental events during coronary embryogenesis. Conditional integrin α4 gene deletion in the septum transversum/proepicardial (ST/PE) region (G2-Gata4+) disrupts early epicardium development and reduces cardiomyocyte proliferation, leading to the thinning of the ventricular compact myocardial layer. Reduction in compact myocardium thickness associates to the presence of multiple ventricular myocardial discontinuities and focal endocardial extrusion.  This same phenotype can be experimentally reproduced in chick embryos using a cryocauterization method (Palmquist-Gomes et al., 2016). Our results suggest that the partial absence of epicardium in α4integrin;G2-Gata4Cre mouse embryos and the cryoinjury in avian embryos generate myocardial discontinuities in the embryonic ventricular wall, which promote endocardial extrusion towards the pericardial cavity and the early contact of the endocardium with coronary progenitors at the epicardial surface of the heart. In the case of avian embryos, this phenomenon leads to precocious smooth muscle differentiation from epicardial mesenchymal cells, and the formation of pouch-like structures that closely resemble CAF. We conclude that anomalous compact myocardial embryonic growth can originate CAF.</subfield>
   </datafield>
   <datafield ind1="8" ind2=" " tag="024">
      <subfield code="a">http://hdl.handle.net/10630/13136</subfield>
   </datafield>
   <datafield ind1="8" ind2=" " tag="024">
      <subfield code="a">http://orcid.org/0000-0002-7741-0900</subfield>
   </datafield>
   <datafield tag="653" ind2=" " ind1=" ">
      <subfield code="a">Corazón - Enfermedades - Aspectos genéticos</subfield>
   </datafield>
   <datafield ind2="0" ind1="0" tag="245">
      <subfield code="a">A developmental model for the pathogenenesis of cardiac arterio-ventricular fistulae</subfield>
   </datafield>
</record>
</metadata></record></GetRecord></OAI-PMH>